América Latina en tiempos de globalización II /
Sábháilte in:
| Rannpháirtithe: | , , |
|---|---|
| Formáid: | Anaithnid |
| Teanga: | Spanish |
| Foilsithe / Cruthaithe: |
Caracas, Venezuela :
Centro Regional para la Educación Superior en América Latina y el Caribe,
1996.
|
| Ábhair: | |
| Clibeanna: |
Cuir clib leis
Níl clibeanna ann, Bí ar an gcéad duine le clib a chur leis an taifead seo!
|
MARC
| LEADER | 000000000a22000000004500 | ||
|---|---|---|---|
| 001 | 011438 | ||
| 008 | 171214b xxu||||| |||| 00| 0 spa d | ||
| 020 | |a 9806226968 | ||
| 020 | |a 9291430064 | ||
| 041 | 0 | |a spa | |
| 082 | 0 | 4 | |a 306.098 |b A512am |
| 245 | 0 | 0 | |a América Latina en tiempos de globalización II / |c Daniel Mato, coordinador ; Ximena Agudo, coordinadora ; Illia García, coordinadora. |
| 260 | 1 | |a Caracas, Venezuela : |b Centro Regional para la Educación Superior en América Latina y el Caribe, |c 1996. | |
| 300 | |a 309 páginas | ||
| 500 | |a Colección George Yúdice | ||
| 505 | |a Contenido: Cultura y transformaciones sociales | ||
| 650 | 4 | |a AMERICA LATINA | |
| 650 | 4 | |a CONDICIONES SOCIALES | |
| 650 | 4 | |a POLITICAS Y GOBIERNO | |
| 650 | 4 | |a SIGLO XX | |
| 650 | 4 | |a CONDICIONES ECONOMICAS | |
| 700 | 1 | |a Mato, Daniel, |e coordinador | |
| 700 | 1 | |a Agudo, Ximena, |e coordinadora | |
| 700 | 1 | |a García, Illia, |e coordinadora | |
| 942 | |c BK |2 ddc | ||
| 999 | |c 21749 |d 21749 | ||



